Gassendi the atomist (Record no. 6195)

MARC details
000 -LEADER
campo de control de longitud fija 00769nam a2200253 i 4500
001 - NÚMERO DE CONTROL
campo de control 6195
003 - IDENTIFICADOR DE NÚMERO DE CONTROL
campo de control ES-MaACL
005 - FECHA Y HORA DE LA ÚLTIMA TRANSACCIÓN
campo de control 20230906144828.0
007 - CAMPO FIJO DE DESCRIPCIÓN FÍSICA--INFORMACIÓN GENERAL
campo de control de longitud fija t|
008 - DATOS DE LONGITUD FIJA--INFORMACIÓN GENERAL
campo de control de longitud fija 890825s1987 xxk ||||1| eng d
020 ## - NÚMERO INTERNACIONAL ESTÁNDAR DEL LIBRO
Número Internacional Estándar del Libro 0-521-30142-4
080 ## - NÚMERO DE LA CLASIFICACIÓN DECIMAL UNIVERSAL
Número de la Clasificación Decimal Universal 1 Gassendi, P.
100 1# - ENTRADA PRINCIPAL--NOMBRE DE PERSONA
Nombre de persona Joy, Lynn Sumida.
9 (RLIN) 67071
245 10 - MENCIÓN DEL TÍTULO
Título Gassendi the atomist
Resto del título : advocate of history in an age of science /
Mención de responsabilidad, etc. Lynn Sumida Joy.
250 ## - MENCION DE EDICION
Mención de edición 1st ed.
260 ## - PUBLICACIÓN, DISTRIBUCIÓN, ETC.
Lugar de publicación, distribución, etc. Cambridge :
Nombre del editor, distribuidor, etc. University Press,
Fecha de publicación, distribución, etc. 1987.
300 ## - DESCRIPCIÓN FÍSICA
Extensión XIII, 311 p. ;
Dimensiones 24 cm.
490 1# - MENCIÓN DE SERIE
Mención de serie Ideas in context
500 ## - NOTA GENERAL
Nota general Indices.
600 14 - PUNTO DE ACCESO ADICIONAL DE MATERIA--NOMBRE DE PERSONA
Nombre de persona Gassendi, Pierre-
Subdivisión general Crítica e interpretación.
9 (RLIN) 55904
830 0# - PUNTO DE ACCESO ADICIONAL DE SERIE-TÍTULO UNIFORME
Título uniforme Ideas in context
9 (RLIN) 227776
852 ## - LOCALIZACIÓN
Ubicación ES-MaACL
Número de control de estantería L-13296
Sublocalización o colección R.115880
Nota libre . - cart.
Holdings
Estatus retirado Estado de pérdida Estado de daño No para préstamo Biblioteca de origen Biblioteca actual Ubicación en estantería Fecha de adquisición Fuente de adquisición Total de préstamos Signatura topográfica completa Código de barras Visto por última vez Precio de reemplazo Tipo de ítem Koha
        Biblioteca del Ateneo de Madrid Biblioteca del Ateneo de Madrid Depósito 2 17/01/2008     L-13296 1006306 23/02/2023 23/02/2023 Libro impreso